000 00526nam a2200181Ia 4500
008 090123s9999 xx 000 0 und d
082 _b10977
_a891.463/धुरी
100 _aधुरी विरेंद्र ह.
245 _aदंश
250 _a1
260 _bडिंपल प्रकाशन
_c1986
300 _a120
600 _aधुरी विरेंद्र ह.
630 _aदंश
700 _aधुरी विरेंद्र ह.
730 _aदंश
942 _cBOOK
999 _c49042
_d49042